| 000 | 00992nam a22002775a 4500 | ||
|---|---|---|---|
| 003 | OSt | ||
| 005 | 20170302143940.0 | ||
| 008 | 170302s2011 ua frb 000 0 ara d | ||
| 015 | _a2011 / 2266 | ||
| 020 | _a9789774683022 | ||
| 040 |
_aEG-ScBUE _bara _cEG-ScBUE |
||
| 043 | _af-ua--- | ||
| 082 | 0 | 4 |
_a344.62046 _bهـ ل ا _222 |
| 100 | 1 | _aهلال، أشرف. | |
| 245 | 1 | 2 |
_aالتحقيق الجنائي في جرائم البيئة / _cأشرف هلال. |
| 250 | _aط. 1. | ||
| 260 |
_aالقاهرة : _bمكتبة الآداب، _c2011. |
||
| 300 |
_a176 ص. ؛ _c24 سم. |
||
| 504 | _aيشتمل على إرجاعات ببليوجرافية. | ||
| 650 | 7 |
_aتلوث البيئة _xقوانين وتشريعات _zمصر. _2BUEsh |
|
| 650 | 7 |
_aحماية البيئة _xقوانين وتشريعات _zمصر. _2BUEsh |
|
| 650 | 7 |
_aالتحقيق الجنائي _xقوانين وتشريعات _zمصر. _2BUEsh |
|
| 651 | _2BUEsh | ||
| 653 |
_bLLAAWW _cMarch2017 |
||
| 942 | _2ddc | ||
| 999 |
_c24301 _d24273 |
||